Analytical methods used in sugar refining / (Record no. 10518)
[ view plain ]
| 000 -LEADER | |
|---|---|
| fixed length control field | 00406cam a2200145ua 4500 |
| 041 ## - LANGUAGE CODE | |
| Language code of text/sound track or separate title | eng |
| 082 ## - DEWEY DECIMAL CLASSIFICATION NUMBER | |
| Classification number | 664.113 |
| Item number | PLE/AN |
| 100 ## - MAIN ENTRY--AUTHOR NAME | |
| Personal name | Plews, R W . |
| 245 ## - TITLE STATEMENT | |
| Title | Analytical methods used in sugar refining / |
| 260 ## - PUBLICATION, DISTRIBUTION, ETC. (IMPRINT) | |
| Place of publication | New York : |
| Name of publisher | Elsevier Scientific Publishing Company , |
| Year of publication | 1970. |
| 300 ## - PHYSICAL DESCRIPTION | |
| Number of Pages | 234 : |
| Other physical details | 506 ; . |
| 942 ## - ADDED ENTRY ELEMENTS (KOHA) | |
| Koha item type | Books |
| Withdrawn status | Lost status | Damaged status | Home library | Current library | Date acquired | Full call number | Accession Number | Koha item type |
|---|---|---|---|---|---|---|---|---|
| KAUAET | KAUAET | 27/03/1987 | 664.113 | 16287 | Books |
